| Registos Bibliográficos associados ao registo de autoridade |
|
Etiqueta de registo: 00000nkm 2200025 450 001 2276401 003 http://id.bnportugal.gov.pt/bib/catbnp/2276401 100 ## $a20260305d1991 m y0pory01030103ba 101 0# $apor 102 ## $aPT 200 1# $aALITEC '91, 1ª Exposição de Equipamentos para a Indústria Alimentar, EXPONOR (Matosinhos)
Porto, 17 a 21 abril 1991$bVisual gráfico]$fAssociação Industrial Portuense$gdesign João Machado 210 #9 $a[Porto]$cAssociação Industrial Portuense,$d1991 215 ## $a1 cartaz$ccolor.$d67,8x48 cm 317 ## $aColeção Madeira Luís 702 #1 $aMachado,$bJoão$31986993 710 01 $aExposição de Equipamentos para a Indústria Alimentar,$d1,$ePorto,$f1991$31993516 712 02 $aAssociação Industrial Portuense$3151 712 01 $aEXPONOR.$bDivisão de Feiras e Exposições$31989153 801 #0 $aPT$bBN$gRPC 966 ## $lBN$mICONOG$sCT. 23511 A.$x3 971 ## $cCaticonografia7$d20260305 995 ## $aPRR2026
|
|
|